Croatian towns and municipalities coats of arms: Požega Slavonia - Statistics

General Stats
  • This quiz has been taken 15 times
  • The average score is 8 of 10
Answer Stats
Picture Answer % Correct
Požega
100%
Pleternica
92%
Kutjevo
85%
Velika
85%
Lipik
77%
Pakrac
77%
Brestovac
69%
Čaglin
69%
Kaptol
69%
Jakšić
62%
No matching quizzes found
Score Distribution
Percent of People with Each Score
Percentile by Number Answered
Your Score History
You have not taken this quiz